| 000 | 00652nam a22001937a 4500 | ||
|---|---|---|---|
| 005 | 20240802153603.0 | ||
| 010 | _aENG-141164 | ||
| 020 |
_a9789391072988 _c160.00 |
||
| 035 | _aEN-124696 | ||
| 037 | _bDBAD | ||
| 082 | _aS | ||
| 100 |
_aKunjukuttan, Madambu _969365 |
||
| 245 |
_aE For Elephant Tales of Elephants and Beyond/ _cWriter Madambu Kunjukuttan _hEnglish |
||
| 260 |
_aKerala _bGreen Books Pvt Ltd. _c2023 |
||
| 270 |
_aGb Building, Civil Lane Road, Ayyanthole, Thrissur _bKerala _e680003 _k487-2391066, 2381039 _minfo@greenbooksindia.com |
||
| 300 |
_a112p.; _c21cm(Pb) |
||
| 700 |
_aMadambu Kunjukuttan _969267 |
||
| 942 |
_2ddc _cEN _hS _mKun |
||
| 999 |
_c204768 _d204768 |
||